000 00879nam a22002417a 4500
999 _c65630
_d65630
005 20240530110835.0
008 191021s2006 ua a f 000 0 ara d
017 _a2006/20353
_bمصر. دار الكتب
020 _a9770918822
040 _aEG-CaGPL
_cEG-CaGPL
082 0 4 _221
_a338.962
_bق/م ع
100 0 _aمصطفى الرفاعى
245 1 0 _aعبور الفجوة التكنولوجية :
_bقصة عمل وطنى معاصر/
_cتاليف مصطفى الرفاعى
250 _aط.1
260 _aالقاهرة :
_bمكتبة الشروق الدولية،
_c2006
300 _a240 ص. :
_bايض. ؛
_c224 سم
650 0 7 _2qrmak
_aالتكنولوجيا
_xصناعة
650 0 7 _aالبترول
_xصناعات
_zمصر
_2qrmak
650 0 7 _aالبترول
_zمصر
651 _2qrmak
942 _2ddc
_cBK